000 00746nam a2200265Ia 4500
003 OSt
005 20221006160327.0
006 a|||||r|||| 00| 0
007 ta
008 221006b |||||||| |||| 00| 0 eng d
020 _a9788993454550
_cW25,000
024 _a44,961
037 _bGift, Window on Korea
_cTextual
040 _aEASL
_cEASL
_beng
041 _2eng
_aeng
082 _aP495,320t35, Q2
100 _aShin Hyeum Jeong
_9672926
245 0 _aHow to use verbs abd adjectives in Korean
260 _aSeoul
_bSotong Korea
_c2012
300 _a560p.
_ccm.
490 _v KL
650 _aKL
942 _hP495,320t35, Q2
_cTEXL
_2CC
999 _c1113053
_d1113053